Eastenders Characters Last Names - Statistics

General Stats
  • This quiz has been taken 227 times
  • The average score is 14 of 21
Answer Stats
Hint Answer % Correct
Kathy Beale
97%
Grant Mitchell
95%
Alfie Moon
94%
Max Branning
93%
Dot Cotton
93%
Kat Slater
93%
Pauline Fowler
92%
Shirley Carter
83%
Kim Fox
80%
Patrick Trueman
80%
Keanu Taylor
73%
Angie Watts
71%
Sonia Jackson
68%
Suki Panesar
56%
Ethel Skinner
56%
Harvey Monroe
31%
Ali Osman
31%
Mary Smith
29%
Pat Wicks
27%
Tiffany Raymond
14%
Lisa Shaw
14%
No matching quizzes found
Score Distribution
Percent of People with Each Score
Percentile by Number Answered
Your Score History
You have not taken this quiz